<La> Formation dans la fonction publique enjeux et perspectives

Na minha lista:
Detalhes bibliográficos
Outros Autores: Jabes, Jak, Meininger, Marie-Christine
Formato: Livro
Idioma:francês
inglês
Publicado em: Paris Institut International d'Administration Publique 1998
Assuntos:
Tags: Adicionar Tag
Sem tags, seja o primeiro a adicionar uma tag!

MARC

LEADER 00000nam a2200000 4500
001 c124185
005 20221109093512.9
020 |a 80-967616-6-8 
041 0 |a fre 
041 0 |a eng 
044 |a SK 
245 1 0 |a <La> Formation dans la fonction publique  |b enjeux et perspectives  |c Sous la direction de / Edited by Jak Jabes & Marie-Christine Meininger 
264 1 |a Paris  |b Institut International d'Administration Publique  |c 1998 
300 |a 120 s. 
610 2 0 |a správa štátna 
610 2 0 |a transformácia 
610 2 0 |a obdobie prechodné 
610 2 0 |a služby obyvateľstvu 
610 2 0 |a služby verejné 
610 2 0 |a manažéri 
610 2 0 |a manažment 
610 2 0 |a štúdie prípadové 
610 2 0 |a plánovanie 
610 2 0 |a pomoc zahraničná 
610 2 0 |a SVE 
610 2 0 |a Albánsko 
610 2 0 |a Maďarsko 
610 2 0 |a Slovinsko 
610 2 0 |a Bulharsko 
610 2 0 |a Dánsko 
610 2 0 |a Francúzsko 
700 1 |a Jabes, Jak 
700 1 |a Meininger, Marie-Christine